| 000 | 01011nam a22002295i 4500 | ||
|---|---|---|---|
| 001 | 160112 | ||
| 003 | ES-MaACL | ||
| 005 | 20260212141857.0 | ||
| 008 | 050915s1883 xxk | |||||||| ||eng d | ||
| 040 |
_aCAM _bspa _cCAM |
||
| 245 | 0 | 0 |
_aMore's History of King Richard III / _cedited with notes, glossary, and index of names by J. Rawson Lumby ; to which is added the conclusion of the History of King Richard III as given in the continuation of Hardyng's chronicle, London, 1543. |
| 260 |
_aCambridge ; _aLondon : _bCambridge University Press, _c1883 ( _fC.J. Clay, M.A. & son at the University Press) |
||
| 300 |
_aVI, 212 p. ; _c17 cm. |
||
| 490 | 1 | _aPitt Press series | |
| 600 | 1 | 4 |
_aRicardo _bIII _cRey de Inglaterra. _9157322 |
| 700 | 1 |
_aLumby, J. Rawson. _974738 |
|
| 700 | 0 |
_aTomás Moro, _cSanto, _d1478-1535 _9110523 |
|
| 700 | 1 |
_aHardyng, John, _d1378-1465? _9157321 |
|
| 830 | 0 |
_aPitt Press series _9222019 |
|
| 852 |
_aES-MaACL _jG-1308 _z-- Enc. tela |
||
| 999 |
_c160112 _d160112 |
||